000 00482nam a22001937a 4500
003 OSt
005 20160429133502.0
008 160429b xxu||||| |||| 00| 0 eng d
010 _a941128
020 _a0538841362
040 _cn/a
050 _aHF5429
_b .R478 1995
100 _aDunne,Patrick M
_d1927-
245 _aRetailing
250 _a2nd ed
260 _aCincinnati,Ohio
_bSouth-Western college pub.
_cc1995
300 _axxvii,546p
_bill,col
_c27cm
942 _2lcc
_cBK
999 _c253218
_d253217